=LDR 00000nam 2200000 4500 =001 INLIS000000000024145 =005 20130612122741 =008 ***********************************Ind** =035 ##$$0010-061300000024145 =041 ##$$a Ind =082 ##$$a 892.7 =090 ##$$a 892.7, Gib s =100 ##$$a Gibran, Khalil =245 ##$$a Sayap-sayap patah, Khalil Gibran =260 ##$$a 2003 $b Yogyakarta =300 ##$$a 148 hlm, 17 cm =650 ##$$a Kesustraan arab =850 ##$$a NBPNMAT